Bean and Lockwood`s rating valuation and practice (Record no. 94572)

MARC details
000 -LEADER
fixed length control field 00579cam a2200229 4500
001 - CONTROL NUMBER
control field D1339
008 - FIXED-LENGTH DATA ELEMENTS--GENERAL INFORMATION
fixed length control field 090401t1969 xxu||||| |||| 00| 0 eng d
035 ## - SYSTEM CONTROL NUMBER
System control number (Sirsi) u63501
041 ## - LANGUAGE CODE
Language code of text/sound track or separate title eng
050 ## - LIBRARY OF CONGRESS CALL NUMBER
Classification number 336.21
100 ## - MAIN ENTRY--PERSONAL NAME
Personal name Bean, Philip R
245 ## - TITLE STATEMENT
Title Bean and Lockwood`s rating valuation and practice
250 ## - EDITION STATEMENT
Edition statement 6th
260 ## - PUBLICATION, DISTRIBUTION, ETC.
Place of publication, distribution, etc. London
Name of publisher, distributor, etc. Stevens
Date of publication, distribution, etc. 1969
300 ## - PHYSICAL DESCRIPTION
Extent xxvii. 435p
350 ## - PRICE (NR) (BK AM CF MU VM SE) [OBSOLETE]
Price 5
520 ## - SUMMARY, ETC.
Summary, etc. Sixth edition by John C.Bassett and Clement Wheeler
700 ## - ADDED ENTRY--PERSONAL NAME
Personal name Bassett, John C
700 ## - ADDED ENTRY--PERSONAL NAME
Personal name Wheeler, Clement
942 ## - ADDED ENTRY ELEMENTS (KOHA)
Suppress in OPAC 0
948 ## - LOCAL PROCESSING INFORMATION (OCLC); SERIES PART DESIGNATOR (RLIN)
c (OCLC) 04/03/1997
Holdings
Withdrawn status Lost status Source of classification or shelving scheme Damaged status Not for loan Home library Current library Shelving location Date acquired Cost, normal purchase price Total Checkouts Full call number Barcode Date last seen Date last checked out Copy number Cost, replacement price Price effective from Koha item type
    Dewey Decimal Classification     London London Basement 14/09/1999 5.00 2 SHELF 113 30015433 06/08/2019 12/12/2006 1 5.00 06/08/2019 Book